Statistics for Top 10 Most Spoken Languages in the European Union

Click here to take the quiz!

General Stats

  • This quiz has been taken 1,745 times
  • The average score is 9 of 10

Answer Stats

Speakers%Language% Correct
104,950,48823.6%English
100%
111,441,77125.0%German
99%
89,609,55320.1%French
98%
61,424,23513.8%Spanish
98%
71,475,40916.1%Italian
96%
42,115,2519.46%Polish
90%
24,604,3625.53%Dutch
85%
19,314,5384.34%Russian
81%
24,089,8975.41%Romanian
78%
13,673,6173.07%Czech
59%

Score Distribution

Percentile by Number Answered

Percent of People with Each Score

Your Score History

You have not taken this quiz